000
00335nam a22001457a 4500
008
260313b |||||||| |||| 00| 0 eng d
020
_a
9789374737385
040
_a
03
082
_a
610.73019 VIS
100
_a
VISANTH VS
245
_a
APPLIED PSYCHOLOGY FOR NURSES
260
_a
AITBS
_b
AITBS
_c
AITBS
300
_a
600
942
_c
01
999
_c
67213
_d
67213